| 000 | 00338nam a22001457a 4500 | ||
|---|---|---|---|
| 003 | SGT | ||
| 082 | _a808.06634,BHA | ||
| 100 | _aBHATIA,K.L | ||
| 245 | _aTEXTBOOK ON LEGAL LANGUAGE AND LEGAL WRITING | ||
| 250 | _a2ND | ||
| 260 |
_aNEW DELHI _bUNIVERSAL BOOKS _c2013 |
||
| 300 | _a540 | ||
| 650 | _aLANGUAGE AND WRITING | ||
| 942 |
_2ddc _cBK |
||
| 999 |
_c9648 _d9648 |
||